Эколого-геохимическое состояние природных вод в пределах Академгородка г. Томска; Проблемы поисковой и экологической геохимии Сибири

Detalles Bibliográficos
Parent link:Проблемы поисковой и экологической геохимии Сибири.— 2003.— С. 286-289.
Autor Principal: Шварцев С. Л. Степан Львович
Outros autores: Манылов Л. С.
Idioma:ruso
Publicado: 2003
Subjects:
Formato: Capítulo de libro
KOHA link:https://koha.lib.tpu.ru/cgi-bin/koha/opac-detail.pl?biblionumber=105535

MARC

LEADER 00000naa2a2200000 4500
001 105535
005 20231031114432.0
035 |a (RuTPU)RU\TPU\book\113881 
090 |a 105535 
100 |a 20061117d2003 k y0rusy50 ca 
101 0 |a rus 
102 |a RU 
200 1 |a Эколого-геохимическое состояние природных вод в пределах Академгородка г. Томска  |f С. Л. Шварцев, Л. С. Манылов 
320 |a Библиогр.: 9 назв. 
463 0 |0 (RuTPU)RU\TPU\book\61426  |y 5-98298-031-5  |t Проблемы поисковой и экологической геохимии Сибири  |o Труды Всероссийской гидрогеохимической конференции, Томск 25-30 октября 2003 г.  |f Томский политехнический университет; Институт геологии и нефтегазового дела ТПУ  |v С. 286-289.  |d 2003  |p 330 с. 
610 1 |a Томск 
610 1 |a воды природные 
610 1 |a эколого-геохимическое состояние 
610 1 |a техногенное воздействие 
610 1 |a воды подземные 
610 1 |a труды учёных ТПУ 
700 1 |a Шварцев  |b С. Л.  |c российский гидрогеолог, доктор геолого-минералогических наук  |c профессор Томского политехнического университета, академик РАЕН  |f 1936-  |g Степан Львович  |2 stltpush  |3 (RuTPU)RU\TPU\pers\25914 
701 1 |a Манылов  |b Л. С. 
801 1 |a RU  |b 63413507  |c 20061117  |g PSBO 
801 2 |a RU  |b 63413507  |c 20100522  |g PSBO 
942 |c BK